000 00552nam a2200217Ia 4500
003 OSt
005 20230524152329.0
008 210423s2001 xx 000 0 und d
020 _a8190128205
040 _cAL
041 _aeng
082 _a362.1
_223
_bPART
100 _aPARK (K).
_9112785
245 _aTextbook preventive and social medicine.
250 _a6
260 _aJabalpur
_bBhalani Publishing House
_c2001
300 _a653
_bHB
365 _b350
_cINR
906 _amedicine. ; preventive ; social ; Textbook
942 _2ddc
_cBK
999 _c172910
_d172910